| 000 | 01057 a2200205 4500 | ||
|---|---|---|---|
| 001 | 57753 | ||
| 005 | 20260407155837.0 | ||
| 008 | 260407a1974 arg spa d | ||
| 003 | AR-UNSa-BCEJYS | ||
| 040 |
_aAR-UNSa-BCEJYS _bspa _cAR-UNSa-BCEJYS |
||
| 080 |
_a658.18 _xMedidas de ahorro (en general) |
||
| 245 | 1 | 0 | _aLa naturaleza de la función ahorro en los países en desarrollo |
| 264 | 1 |
_aMéxico : _bCEMLA (Centro de Estudios Monetarios Latinoamericanos) _c1974 |
|
| 300 |
_a160 p. _c20 cm. |
||
| 505 | _aPrimera parte: hipótesis sobre el comportamiento del ahorro: 1. Conceptos sobre el ahorro y métodos para el cálculo – 2. Hipótesis referentes al ingreso y al ahorro nacionales – 3. Relaciones entre el ahorro y otras variables – Segunda parte: estudios técnicos sobre el comportamiento del ahorro: 1. Comportamiento del ahorro respecto al ingreso – 2. Comportamiento al ahorro respecto a otras variables | ||
| 942 | _cBK | ||
| 590 | _aniveau_biblio:m niveau_hierar:0 | ||
| 100 | 1 | _aMikesell, Raymond F. | |
| 700 | 1 | _aZinser, James E. | |
| 999 |
_c6265 _d6265 |
||